000 00310nam a2200121 a 4500
005 20140414131857.0
008 100827s19uu xx 00 eng d
050 _aFIL
_bF48 2004
100 _aBellen, Christine
245 _aFilemon mamon.
260 _aManila, Philippines :
_bAdarna,
_c2004.
999 _c110506
_d110506